Statistics for Best Actress Nominees of the 21st Century

Click here to take the quiz!

General Stats

  • This quiz has been taken 129 times
    (24 since last reset)
  • The average score is 85 of 120

Answer Stats

YearFilmActress% Correct
2016La La LandEmma Stone
100%
2023Poor ThingsEmma Stone
100%
2000Erin BrockovichJulia Roberts
100%
2018A Star is BornLady Gaga
100%
2017I, TonyaMargot Robbie
100%
2006The Devil Wears PradaMeryl Streep
100%
2008DoubtMeryl Streep
100%
2009Julie & JuliaMeryl Streep
100%
2013August: Osage CountyMeryl Streep
100%
2016Florence Foster JenkinsMeryl Streep
100%
2017The PostMeryl Streep
100%
2011The Iron LadyMeryl Streep
100%
2010Black SwanNatalie Portman
100%
2016JackieNatalie Portman
100%
2015JoyJennifer Lawrence
94%
2010Winter's BoneJennifer Lawrence
94%
2012Silver Linings PlaybookJennifer Lawrence
94%
2006Little ChildrenKate Winslet
94%
2008The ReaderKate Winslet
94%
2004Eternal Sunshine of the Spotless MindKate Winslet
94%
2001Bridget Jones's DiaryRenee Zellweger
94%
2019JudyRenee Zellweger
94%
2002ChicagoRenee Zellweger
94%
2013GravitySandra Bullock
94%
2009The Blind SideSandra Bullock
94%
2013American HustleAmy Adams
88%
2015CarolCate Blanchett
88%
2013Blue JasmineCate Blanchett
88%
2022TárCate Blanchett
88%
2007Elizabeth: The Golden AgeCate Blanchett
88%
2004Million Dollar BabyHillary Swank
88%
2015RoomBrie Larson
82%
2003MonsterCharlize Theron
82%
2019BombshellCharlize Theron
82%
2005North CountryCharlize Theron
82%
2017Three Billboards Outside Ebbing, MissouriFrances McDormand
82%
2020NomadlandFrances McDormand
82%
2005Pride & PrejudiceKeira Knightley
82%
2022Everything Everywhere All at OnceMichelle Yeoh
82%
2002The HoursNicole Kidman
82%
2021Being the RicardosNicole Kidman
82%
2010Rabbit HoleNicole Kidman
82%
2001Moulin Rouge!Nicole Kidman
82%
2006VolverPenelope Cruz
82%
2021Parallel MothersPenélope Cruz
82%
2005Walk the LineReese Witherspoon
82%
2014WildReese Witherspoon
82%
2015BrooklynSaoirse Ronan
82%
2019Little WomenSaoirse Ronan
82%
2017Lady BirdSaoirse Ronan
82%
2019Marriage StoryScarlett Johansson
82%
2022BlondeAna de Armas
76%
2020Promising Young WomanCarey Mulligan
76%
2023MaestroCarey Mulligan
76%
2009An EducationCarey Mulligan
76%
2007JunoElliot Page
76%
2001Monster's BallHalle Berry
76%
2021The Eyes of Tammy FayeJessica Chastain
76%
2012Zero Dark ThirtyJessica Chastain
76%
2011My Week with MarilynMichelle Williams
76%
2022The FabelmansMichelle Williams
76%
2010Blue ValentineMichelle Williams
76%
2018The FavouriteOlivia Colman
76%
2021The Lost DaughterOlivia Colman
76%
2014Gone GirlRosamund Pike
76%
2008Rachel Getting MarriedAnne Hathaway
71%
2006The QueenHelen Mirren
71%
2009The Last StationHelen Mirren
71%
2023Killers of the Flower MoonLily Gladstone
71%
2002FridaSalma Hayek
71%
2011The HelpViola Davis
71%
2020Ma Rainey's Black BottomViola Davis
71%
2004Being JuliaAnnette Bening
65%
2010The Kids Are All RightAnnette Bening
65%
2023NyadAnnette Bening
65%
2011Albert NobbsGlenn Close
65%
2018The WifeGlenn Close
65%
2006Notes on a ScandalJudi Dench
65%
2013PhilomenaJudi Dench
65%
2005Mrs Henderson PresentsJudi Dench
65%
2001IrisJudi Dench
65%
2014Still AliceJulianne Moore
65%
2002Far from HeavenJulianne Moore
65%
2021SpencerKristen Stewart
65%
2014Two Days, One NightMarion Cotillard
65%
2007La Vie en RoseMarion Cotillard
65%
2011The Girl with the Dragon TattooRooney Mara
65%
2014The Theory of EverythingFelicity Jones
59%
2000ChocolatJuliette Binoche
59%
2018Can You Ever Forgive Me?Melissa McCarthy
59%
2017The Shape of WaterSally Hawkins
59%
2023Anatomy of a FallSandra Hüller
59%
2008ChangelingAngelina Jolie
53%
2012The ImpossibleNaomi Watts
53%
200321 GramsNaomi Watts
53%
2022To LeslieAndrea Riseborough
47%
2003Something's Gotta GiveDiane Keaton
47%
2000Requiem for a DreamEllen Burstyn
47%
2016LovingRuth Negga
47%
2002UnfaithfulDiane Lane
41%
2005TransamericaFelicity Huffman
41%
2016ElleIsabelle Huppert
41%
2001In the BedroomSissy Spacek
41%
2020Pieces of a WomanVanessa Kirby
41%
2020The United States vs. Billie HolidayAndra Day
35%
201545 YearsCharlotte Rampling
35%
2019HarrietCynthia Erivo
35%
2012AmourEmanuelle Riva
35%
2004Vera DrakeImelda Staunton
35%
2007The SavagesLaura Linney
35%
2000You Can Count On MeLaura Linney
35%
2012Beasts of the Southern WildQuvenzhane Wallis
35%
2018RomaYalitza Aparicio
35%
2009PreciousGabourey Sidibe
29%
2003Whale RiderKeisha Castle-Hughes
29%
2008Frozen RiverMelissa Leo
29%
2003In AmericaSamantha Morton
29%
2004Maria Full of GraceCatalina Sandino Moreno
24%
2000The ContenderJoan Allen
18%
2007Away from HerJulie Christie
18%

Score Distribution

Percentile by Number Answered

Percent of People with Each Score

Your Score History

You have not taken this quiz since the last reset